000 00288nam a22001217a 4500
082 _a621 KEN'C
100 _aCARMICHAEL, COLIN
_978849
245 _aKENTS MECHANICAL ENGINEERING HANDBOOK
250 _a12TH
260 _aNEWYORK
_bJOHN WILEY
_c1950
300 _aXII, 28-60P
942 _cBK
999 _c583917
_d583917